Missing Word: Nice Piece of Meat Quiz Stats

 Plays Quiz Updated Dec 17, 2015

Challenge
Share
Tweet
Embed
Score 0/16 Timer 03:00
0 Plays Today
Hint Missing Word % Correct
____ Wellington or StroganoffBeef
98.7%
_______ KievChicken
96.1%
Peking ____Duck
94.8%
____ Chop with Mint SauceLamb
87.5%
Filet ______Mignon
86.2%
Chilean Sea ____Bass
85.5%
Cornish Game ___Hen
84.5%
Blue ____ CakesCrab
73.2%
Hint Missing Word % Correct
Glazed ___Ham
71%
Ahi ____ TartareTuna
67.3%
_______ Thermidor or NewburgLobster
64.7%
Cedar Plank ______Salmon
63%
____ Marsala or ParmigianaVeal
62.7%
_____ et FritesSteak
62%
Unagi (____) SashimiEel
41.8%
Makkai or Jamaican ____ CurryGoat
30.3%

Today's Daily Dose

You're not logged in!

Compare scores with friends on all Sporcle quizzes.
OR
Log In

You Might Also Like...

Show Comments

Extras

Top Quizzes Today


Score Distribution

Your Account Isn't Verified!

In order to create a playlist on Sporcle, you need to verify the email address you used during registration. Go to your Sporcle Settings to finish the process.

Report this User

Report this user for behavior that violates our Community Guidelines.

Details: